Profesiones esenciales La necesidad de reinventarse en tiempos del Covid /

Detalles Bibliográficos
Autor principal: Nieto-Cabrera, M. Elena
Otros Autores: Nieto-Morales, Concepcion
Formato: eBook
Lenguaje:español
Publicado: Madrid: Dykinson, 2021
Materias:
Acceso en línea:Acceso restringido

MARC

LEADER 00000nam a22000007a 4500
005 20220613223228.0
007 cr|||| ||||
008 220613s2021 es |||||s|||| 00||0 spa d
020 |a 978-84-1377-636-1 
035 |a 35616 
040 |a vLex 
090 |c 13420  |d 13420 
100 1 |a Nieto-Cabrera, M. Elena 
245 1 0 |a Profesiones esenciales  |h [Recurso electrn̤ico] :  |b La necesidad de reinventarse en tiempos del Covid /  |c M. Elena Nieto-Cabrera, Concepcion Nieto-Morales 
256 |a Servicio en ln̕ea 
260 |a Madrid:  |b Dykinson,  |c 2021 
300 |a 1 recurso electrn̤ico 
506 1 |a Disponible solo en los productos indicados  |d vLex Global  |d vLex Global (Academic Edition, excluding Law Schools)  |d vLex Global (U.S. Academic Edition, Law Schools)  |d vLex Global (U.S. Academic Edition, excluding Law Schools)  |d vLex Global (Academic Edition, Law Schools) 
650 0 4 |a Derecho Pb︢lico y Administrativo  |z Espaą 
700 1 |a Nieto-Morales, Concepcion 
740 0 |a vLex Libros (Servicio en ln̕ea) 
856 4 0 |u https://app.vlex.com/#/sources/35616  |z Acceso restringido 
942 |c BOOK 
999 0 |a Public and Administrative Law